Práce postižených - ověřená kvalita
Unikátny projekt a kvalita práce zdravotne znevýhodnených občanov. Cielená podpora a prosperita sociálneho podnikania ako aj hlavná myšlienka vzniku ochrannej známky "Práca znevýhodnených" v ČR.
Na minha lista:
| Autor principal: | |
|---|---|
| Formato: | Capítulo de Livro |
| Idioma: | tcheco |
| Assuntos: | |
| Tags: |
Sem tags, seja o primeiro a adicionar uma tag!
|
MARC
| LEADER | 00000naa a2200000 4500 | ||
|---|---|---|---|
| 001 | 0174261 | ||
| 005 | 20231012072328.8 | ||
| 041 | 0 | |a cze | |
| 044 | |a SK | ||
| 245 | 1 | 0 | |a Práce postižených - ověřená kvalita |c Hana Potměšilová |
| 520 | |a Unikátny projekt a kvalita práce zdravotne znevýhodnených občanov. Cielená podpora a prosperita sociálneho podnikania ako aj hlavná myšlienka vzniku ochrannej známky "Práca znevýhodnených" v ČR. | ||
| 610 | 2 | 0 | |a Česko |
| 610 | 2 | 0 | |a podnikanie sociálne |
| 610 | 2 | 0 | |a dielne chránené |
| 610 | 2 | 0 | |a kvalita služieb |
| 610 | 2 | 0 | |a politika sociálna |
| 610 | 2 | 0 | |a osoby zdravotne postihnuté |
| 610 | 2 | 0 | |a projekty |
| 100 | 1 | |a Potměšilová, Hana | |